01223 a2200169 45000010006000000050017000060080041000230030015000640400040000790800076001192450053001952640057002483000019003055050675003241000029009997000025010282906620260407155600.0260407a1983 arg spa dAR-UNSa-BCEJYS aAR-UNSa-BCEJYSbspacAR-UNSa-BCEJYS a657.23xCompensaciones. Correcciones. Ajustes (devaluación monetaria)10aAnálisis de balances ajustados por inflación 1aBuenos Aires :bEdiciones Contabilidad Modernac1983 a204 p.c22 cm. aParte I: El ajuste por infalción y los estados contables: 1. Conceptos fundamentales del ajuste integral para el análisis de estados contables - 2. Interpretación de las diferencias entre la información historica y ajustada - Parte II: Análisis de estados contables ajustados : 3. Análisis de la estructura - 4. Análisis de tendencias - 5. Rentabilidad del patrimonio neto - 6. Formula de dupont - 7. Liquidez corriente - 8. Liquidez seca - 9. Liquidez total - 10. Endeudamiento - 11. Financiación de la inmovilización - 12. Caso Practico - 13. El informe económico financiero - Parte III: Desarrollo de un caso práctico: Planteo del caso practico.1 aSenderovich, Isaac Aizik1 aTelias, Alejandro J.